Pular para o conteúdo
VuFind
Idioma
English
Deutsch
Español
Français
Italiano
日本語
Nederlands
Português
Português (Brasil)
中文(简体)
中文(繁體)
Türkçe
עברית
Gaeilge
Cymraeg
Ελληνικά
Català
Euskara
Русский
Čeština
Suomi
Svenska
polski
Dansk
slovenščina
اللغة العربية
বাংলা
Galego
Tiếng Việt
Hrvatski
हिंदी
Todos os campos
Título
Autor
Assunto
Área/Cota
ISBN/ISSN
Tag
Buscar
Avançada
Busca
Phi kahaniyan
Citar
Enviar por e-mail
Imprimir
Exportar registro
Exportar para RefWorks
Exportar para EndNoteWeb
Exportar para EndNote
permanent_link
Carregando...
Phi kahaniyan
Itens
Descrição
Registros relacionados
Registro fonte
LEADER
00152 a2200097 4500
020
260
942
|c
BK
|6
_
245
|a
Phi kahaniyan
100
999
|c
66211
|d
66211
Registros relacionados
PHI /
Objective phy NEET
por: Sharma, B M
Objective phy NEET
por: Sharma, B M
Publicado em: (2018)
Galois representations and ([phi], [Gamma])-modules /
por: Schneider, P.
Publicado em: (2017)
Complete PHI learning guide to mathematics for JEE main
por: Prem Kumar
Publicado em: (2013)
Carregando...